Loading...
| Fine Arts - Classical Music | 0 | 6 | 0 | 0 | 60 | 72 | 105.83 | 0 | 0 | 11.38 | 27.82 |
| Literature - European | 0 | 6 | 1 | 0 | 55 | 91 | 112.67 | 0 | 2 | 9.75 | 29.17 |
| Mythology | 0 | 5 | 0 | 2 | 50 | 62 | 85.80 | 1 | 1 | 16.65 | 30.35 |
| History - Other | 0 | 5 | 1 | 1 | 45 | 71 | 89.40 | 0 | 1 | 10.74 | 19.49 |
| Fine Arts - Other | 0 | 4 | 0 | 0 | 40 | 85 | 106.25 | 0 | 1 | 8.46 | 14.86 |
| Religion | 0 | 4 | 0 | 0 | 40 | 87 | 98.75 | 0 | 1 | 7.73 | 18.46 |
| Social Science | 0 | 4 | 2 | 1 | 30 | 57 | 89.75 | 1 | 1 | 9.31 | 17.19 |
| Fine Arts - Visual | 0 | 3 | 0 | 1 | 30 | 75 | 98.00 | 0 | 0 | 6.20 | 10.23 |
| Literature - American | 0 | 3 | 0 | 0 | 30 | 100 | 121.00 | 0 | 0 | 3.70 | 9.59 |
| Literature - British | 0 | 3 | 0 | 0 | 30 | 78 | 83.00 | 0 | 1 | 10.88 | 12.93 |
| Philosophy | 0 | 2 | 0 | 0 | 20 | 95 | 98.50 | 0 | 0 | 3.01 | 9.37 |
| History - American | 0 | 2 | 1 | 0 | 15 | 124 | 126.50 | 0 | 0 | 0.00 | 2.05 |
| Science - Other | 0 | 1 | 0 | 0 | 10 | 102 | 102.00 | 0 | 0 | 1.17 | 4.55 |
| Literature - World/Other | 0 | 1 | 1 | 0 | 5 | 138 | 138.00 | 0 | 0 | 0.32 | 3.64 |
| History - European | 0 | 1 | 1 | 1 | 5 | 132 | 132.00 | 0 | 0 | 0.00 | 2.27 |
| History - World | 0 | 1 | 1 | 0 | 5 | 74 | 74.00 | 0 | 0 | 3.67 | 4.13 |
| Geography/Current Events | 0 | 1 | 1 | 0 | 5 | 87 | 87.00 | 0 | 0 | 5.16 | 10.42 |